| 000 | 01083cam a2200361 a 4500 | ||
|---|---|---|---|
| 001 | 337 | ||
| 003 | FISKH | ||
| 005 | 20230324165527.0 | ||
| 008 | 981116s2000 nyua b 000 1 eng | ||
| 010 | _a 98051134 | ||
| 020 | _a0670885568 (hc) | ||
| 020 | _a014130488X (pbk.) | ||
| 040 |
_aDLC _cDLC _dDLC |
||
| 042 | _alcac | ||
| 050 | 0 | 0 |
_aPZ7.M515916 _bTg 2000 |
| 082 | 0 | 0 |
_a[E] _221 |
| 100 | 1 | _aMeister, Cari. | |
| 245 | 1 | 0 |
_aTiny goes to the library / _cby Cari Meister ; illustrated by Rich Davis. |
| 260 |
_aNew York : _bViking. _c2000. |
||
| 300 |
_a16 leaves of plates. _bcol. ill. ; _c23 cm. |
||
| 440 | 2 | _aPenguin Young Readers | |
| 505 | _aD | ||
| 520 | _aTiny the dog is a big help at the library when his owner takes out too many books to carry home. | ||
| 521 |
_a200
_bLexile |
||
| 521 |
_aD
_bRaz-Plus |
||
| 650 | 1 |
_aLibraries _xFiction. |
|
| 650 | 1 |
_aBooks and reading _xFiction. |
|
| 650 | 1 |
_aDogs _xFiction. |
|
| 700 | 1 |
_aDavis, Rich, _d1958- _eill. |
|
| 906 |
_a7 _bcbc _corignew _d1 _eocip _f19 _gy-gencatlg |
||
| 942 |
_2ddc _cBK _n0 |
||
| 999 |
_c337 _d337 |
||